La construcción de ciudades de América Latina a travéz del tiempo /

সংরক্ষণ করুন:
গ্রন্থ-পঞ্জীর বিবরন
প্রধান লেখক: Hardoy, Jorge E
বিন্যাস: পাঠ‍্য
বিষয়গুলি:
ট্যাগগুলো: ট্যাগ যুক্ত করুন
কোনো ট্যাগ নেই, প্রথমজন হিসাবে ট্যাগ করুন!

MARC

LEADER 00000 a a2200000 04500
001 41774
003
040
100 |a Hardoy, Jorge E  
245 |a La construcción de ciudades de América Latina a travéz del tiempo /  |c Jorge E Hardoy  
650 |a HISTORIA COLONIAL  
650 |a CRECIMIENTO DEMOGRAFICO  
650 |a CIUDADES  
650 |a AMERICA LATINA  
773 |g volumen9, número34 ( , 1978), páginas 83-118  
999 |c 31109  |d 31109